000 00453nam a2200193Ia 4500
008 210210b1914 xxu||||| |||| 00| 0 eng d
041 _aeng
082 _a954/181
100 _aLAW (Narendra Nath)
245 _aStudies in ancient Hindu polity
260 _aLondon
_bLongman Green & Co.
_c1914
650 _aStudies
650 _apolity
650 _ain
650 _aHindu
650 _aancient
690 _aIndian History
906 _a025940
999 _c151855
_d151855